000
00301nam a2200121Ia 4500
008
190216s9999||||xx |||||||||||||| ||und||
100
_a
Samsan Chandru
245
0
_a
Hindi-Ve Chehare Jo Naheem Multhe
260
_b
Archana Publications(Pv) Ltd
_c
2009
300
_a
244
650
_a
Hindi
942
_c
BK
999
_c
16838
_d
16838